01606nam a2200433 i 4500001000700000003000800007005001700015006001900032007001500051008004100066020002700107035002200134040003100156050002600187080002000213082001800233100004100251245013300292264003700425300004100462336003100503337003300534338004300567490001700610504002900627588006800656590016200724650004500886650001400931650002000945650001500965650002100980651001401001655002501015797001801040830001801058856007701076999001901153146787FlNmELB20241217182200.0m o d | cr cnu||||||||190510s2017 sp ob 000 0 spa d a9788490206157 (e-book) a(OCoLC)1230152765 aFINmELBbspaerdacFINmELB 4aKKT853.C65bR618 2017 a347.91/.95(460)0 a346.460322231 aRivas Verdes-Montenegro, César de.13aLa responsabilidad penal por falta de medidas de seguridad en las obras de construcción /cCésar de Rivas Verdes-Montenegro. 1aMadrid :bWolters Kluwer,c2017. a1 recurso en línea (507 páginas) atextobtxt2rdacontent/spa acomputadorabc2rdamedia/spa arecurso en líneabcr2rdacarrier/spa1 aTemas La Ley aContiene bibliografía. aDescripción basada en el editor de metadatos y otras fuentes. aRecurso electrónico. Santa Fe, Arg.: elibro, 2018. Disponible vía World Wide Web. El acceso puede estar limitado para las bibliotecas afiliadas a elibro. 0aLiability for building accidentszSpain. 0aBuilding. 4aConstrucción. 4aAccidente. 4aResponsabilidad. 4aEspaña. 4aLibros electronicos.2 aelibro, Corp. 0aTemas La Ley.40uhttps://elibro.net/ereader/politecnicointernacional/55983zClick to View c146787d146787